Los Angeles Clippers 2018-19 Roster - Statistics

General Stats
  • This quiz has been taken 140 times
    137 since last reset
  • The average score is 9 of 18
Answer Stats
Nbr Post Player % Correct
21 PG Patrick Beverley
95%
23 SG Lou Williams
85%
- Head Coach Doc Rivers
74%
5 PF Montrezl Harrell
72%
2 PG Shai Gilgeous-Alexander
66%
34 SF Tobias Harris
66%
8 SF Danilo Gallinari
61%
51 C Boban Marjanovic
45%
13 C Marcin Gortat
43%
11 SG Avery Bradley
42%
10 SG Jerome Robinson
37%
12 PF Luc Mbah a Moute
32%
30 PF Mike Scott
30%
0 SG Sindarius Thornwell
28%
4 PG Milos Teodosic
27%
15 PF Jonathan Motley
24%
9 SG Tyrone Wallace
23%
31 C Angel Delgado
19%
No matching quizzes found
Score Distribution
Percent of People with Each Score
Percentile by Number Answered
Your Score History
You have not taken this quiz since the last reset